01431nab a22002417a 4500999001500000003000400015005001700019008004100036040000700077100002600084245018600110260004200296300001200338500003600350505045400386505008900840650002700929650002300956650004000979650003701019773012001056942001301176 c6545d6545OSt20260223133544.0190506c xxu||||| |||| 00| 0 spa d cPJ 95708aGarcía, Nadia13a¿Retiro transitorio por invalidez y cese definitivo? :balgunas reflexiones sobre la necesidad de armonizar el art. 212 de la LCT con el art. 49 de la ley 24.241 /cNadia García. aBuenos Aires :bAbeledoPerrot,c2024. ap. 3-11 aCita: TR LALEY AR/DOC/838/2024. aSumario: I. Introducción.— II. El Retiro por Invalidez: Requisitos.— III. El porcentaje de incapacidad exigido para el retiro por invalidez.— IV. La indemnización del art. 212 de la LCT y su naturaleza jurídica.— V. El porcentaje de incapacidad en el fuero Federal de la Seguridad Social y su impacto en la Justicia Nacional del Trabajo.— VI. Transitoriedad del retiro por invalidez vs. Cese definitivo laboral.— VII. Conclusiones. t¿Te interesa el texto completo? Comunicate al correo: koha@justierradelfuego.gov.ar 091395aSEGURIDAD SOCIAL 092154aJUBILACIONES 094695aSITUACIÓN DE VULNERABILIDAD 095726aJUBILACIÓN POR INVALIDEZ0 0275193202dBuenos Aires : AbeledoPerrot, 2013-tRevista de derecho laboral y seguridad social. Nº 10 - Mayo 2024 2udccANA